| 000 | 00583cab a2200205 4500 | ||
|---|---|---|---|
| 001 | WB2608-02 | ||
| 008 | 090401t1990 xxu||||| |||| 00| 0 eng d | ||
| 035 | _a(Sirsi) u20184 | ||
| 041 | _aeng | ||
| 245 | _aStorm damage warning | ||
| 260 | _c1990 | ||
| 350 | _a0 | ||
| 490 |
_aTimes _v22/2/90 p35 |
||
| 520 | _aThe Meteorological Office is considering extending its forecasts of severe weather to include details of the type of damage which can be expected. | ||
| 650 | _aBUILDINGS | ||
| 650 | _aSTORMS | ||
| 690 | _aBUILT ENVIRONMENT | ||
| 942 | _n0 | ||
| 948 | _c04/03/1997 | ||
| 999 |
_c13526 _d13526 |
||